000 00282nam a22001217a 4500
008 170621b xxu||||| |||| 00| 0 eng d
041 _aeng
080 _26 ED
_a94
100 _a18
101 _aSHH
245 _aWESTERN CIVILIZATION A BRIEF HISTORY
_cPERRY.M
942 _2udc
_cBK
999 _c18374
_d18374